| 000 | 00551nam a2200181 a 4500 | ||
|---|---|---|---|
| 001 | 000019022 | ||
| 005 | 20200929165914.0 | ||
| 008 | 100521s1979 ve 000 p spa d | ||
| 040 |
_aDO-SdBNP _bspa _cBNPHU |
||
| 082 |
_aV863.44 _bG216a |
||
| 100 | 1 |
_aGarcía de Viamonte, Rita, _940928 |
|
| 245 | 1 | 0 |
_aAyer, hoy y siempre / _cRita García de Viamonte. |
| 260 |
_a[Caracas] : _bUniversitaria Oriental, _c1979. |
||
| 300 |
_a103 p. ; _c21 cm. |
||
| 650 | 4 |
_aPoesía venezolana _94230 |
|
| 650 | 4 |
_aLiteratura venezolana _ySIGLO XX _99777 |
|
| 049 | _aBNGR | ||
| 999 |
_c18540 _d18540 |
||